[Zoch, Ivan Branislav]

Zobrazenie: Podobizeň encyklopedistu, spisovateľa, prekladateľa, pedagóga Ivana Branislava Zocha (24.6.1843 Jasenová - 27.12.1921 Modra).

Bibliographic Details
Other Authors: Bohr, R. von (Photographer)
Format: Photo
Language:German
PhysicalDescription:1 fotografia čb 10 x 6 cm
Published: [S.l. s.n. s.a.]
Subjects:

MARC

LEADER 00000nkmaa2200000 a 4500
001 vtls012029621
003 SK-MaSNL
005 20260331212120.0
007 kh bo
008 230802n au | ||00 k|ger
035 |a urn:nbn:sk:snk-km00g32k 
035 |a urn:nbn:sk:snk-km45s7l 
035 |a 4939A17F-81C9-49C5-A7EA-27ABDB29743E 
040 |a SNKLA  |b slo  |c SNKLA  |e AACR2 
041 0 |a ger 
044 |a au  |c AT 
100 1 |a Bohr, R. von  |4 pht  |9 402265 
245 1 0 |a [Zoch, Ivan Branislav]  |h grafika 
260 |a [S.l.  |b s.n.  |c s.a.] 
300 |a 1 fotografia  |b čb  |c 10 x 6 cm 
520 2 |a Zobrazenie: Podobizeň encyklopedistu, spisovateľa, prekladateľa, pedagóga Ivana Branislava Zocha (24.6.1843 Jasenová - 27.12.1921 Modra). 
600 1 7 |a Zoch, Ivan Branislav,  |d 1843-1921  |2 SNKMA  |9 114901 
655 7 |a portrétne fotografie  |2 SNKLA  |9 305796 
852 7 |a Slovenská národná knižnica  |b Literárny archív 
958 |a ZO 
958 |a BLA 
999 |c 653308  |d 655238 
952 |a SNKLA  |b SNKLA  |c SNKLA_DEP  |y NEVYP  |7 0  |p 17A1311753  |o snkSZ 31/8  |i snkLA 3196/1954  |0 0  |1 0  |4 0  |d 2021-05-03  |f 1  |l 0  |r 2026-02-23 18:28:15  |w 2026-02-23